000 01193nam0a22002891 4500
001 rc\3278126
005 20250609203136.0
021 _aRU
_b[74-64773]
035 _a(NLR Aleph) 007491047
090 _a7617585
_c7617585
100 _a20130115d1974 |||y0rusy50 ca
101 0 _arus
102 _aRU
105 _aa z |||||
200 1 _aПочвообразование и почвы субтропиков и тропиков
_eПособие по почвоведению применительно к субтропикам и тропикам
_eК X Междунар. конгрессу почвоведов в Москве. 1974
_fУн-т дружбы народов им. Патриса Лумумбы
210 _aМосква
_cБ. и.
_d1974
215 _a439 с.
_cил.
_d22
320 _aСписок лит.: с. 429-431
606 _aПочвы субтропиков
_2psbo
606 _aПочвы тропиков
_2psbo
606 _aПочвообразование
_2psbo
700 1 _aЗонн
_bС.В.
_f1906-
_gСергей Владимирович
801 0 _aRU
_bNLR
_gpsbo
801 1 _aRU
_bELAR
_2rusmarc
852 _aNLR
_j74-5/2139
942 _cBOOK
980 _aNB